Loading...
| Literature - British | 0 | 6 | 1 | 1 | 55 | 27 | 80.17 | 3 | 6 | 0.00 | 0.00 |
| Philosophy | 0 | 5 | 0 | 0 | 50 | 62 | 94.60 | 2 | 5 | 0.00 | 0.00 |
| Literature - American | 0 | 5 | 3 | 1 | 35 | 38 | 89.80 | 2 | 4 | 0.00 | 0.00 |
| Literature - European | 0 | 5 | 3 | 0 | 35 | 37 | 50.60 | 4 | 5 | 0.00 | 0.00 |
| Science - Chemistry | 0 | 2 | 0 | 1 | 20 | 116 | 118.00 | 0 | 1 | 0.00 | 0.00 |
| Mythology | 0 | 2 | 1 | 0 | 15 | 103 | 122.00 | 0 | 1 | 0.00 | 0.00 |
| Literature - World | 0 | 2 | 1 | 0 | 15 | 44 | 55.50 | 2 | 2 | 0.00 | 0.00 |
| Science - Other | 0 | 1 | 0 | 0 | 10 | 116 | 116.00 | 0 | 1 | 0.00 | 0.00 |
| Fine Arts - Painting and Sculpture | 0 | 1 | 1 | 0 | 5 | 104 | 104.00 | 0 | 1 | 0.00 | 0.00 |
| History - World | 0 | 0 | 1 | 0 | -5 | 0.00 | 0 | 0 | 0.00 | 0.00 | |
| Science - Biology | 0 | 1 | 3 | 0 | -5 | 103 | 103.00 | 0 | 1 | 0.00 | 0.00 |
| History - American | 0 | 0 | 1 | 0 | -5 | 0.00 | 0 | 0 | 0.00 | 0.00 | |
| Social Science | 0 | 0 | 2 | 0 | -10 | 0.00 | 0 | 0 | 0.00 | 0.00 | |
| Fine Arts - Classical Music | 0 | 0 | 3 | 0 | -15 | 0.00 | 0 | 0 | 0.00 | 0.00 |